Central Library OPAC University of Rajshahi

An essay on population / (Record no. 34230)

MARC details
000 -LEADER
fixed length control field 00692nam a2200217 a 4500
001 - CONTROL NUMBER
control field 34230
003 - CONTROL NUMBER IDENTIFIER
rucl marc code BD-RjUL
005 - DATE AND TIME OF LATEST TRANSACTION
control field 20211209052126.0
008 - FIXED-LENGTH DATA ELEMENTS--GENERAL INFORMATION
fixed length control field 140514r19511914enk b 1 0 d
035 ## - SYSTEM CONTROL NUMBER
System control number (BD-RjUL)34324
040 ## - CATALOGING SOURCE
Original cataloging agency XNLS
Language of cataloging eng
Transcribing agency XNLS
Modifying agency BD-RjUL
041 ## - LANGUAGE CODE
Language code of text/sound track or separate title eng
082 04 - DEWEY DECIMAL CLASSIFICATION NUMBER
Classification number 304.60941
Author mark and year MAE V-2 1951
100 1# - MAIN ENTRY--PERSONAL NAME
Personal name Malthus, T. R.
Fuller form of name (Thomas Robert),
Dates associated with a name 1766-1834.
9 (RLIN) 12756
245 13 - TITLE STATEMENT
Title An essay on population /
Statement of responsibility, etc. T. R. Malthus.
Number of part/section of a work Volume Two
260 ## - PUBLICATION, DISTRIBUTION, ETC. (IMPRINT)
Place of publication, distribution, etc. London ;
-- New York :
Name of publisher, distributor, etc. Dent,
Date of publication, distribution, etc. 1914 [reprinted 1951].
300 ## - PHYSICAL DESCRIPTION
Pagination 284 p. ;
Size 18 cm.
504 ## - BIBLIOGRAPHY, ETC. NOTE
Bibliography, etc Includes bibliographical references and index.
651 #0 - SUBJECT ADDED ENTRY--GEOGRAPHIC NAME
Geographic name Great Britain
General subdivision Population
-- History.
9 (RLIN) 104049
942 ## - ADDED ENTRY ELEMENTS (KOHA)
Source of classification or shelving scheme Dewey Decimal Classification
Koha item type Books
Holdings
Lost status Source of classification or shelving scheme Damaged status Not for loan Collection code Permanent Location Current Location Shelving location Date acquired Source of acquisition Cost, normal purchase price Total Checkouts Full call number Date last seen Copy number Koha item type
  Dewey Decimal Classification   Not For Loan Non-fiction Central Library, University of Rajshahi Central Library, University of Rajshahi Reading Room 14/09/1955 B. H. Blackwell. 6.00   304.60941 MAE V-2 1951 14/05/2014 C-1 Books
  Dewey Decimal Classification     Non-fiction Central Library, University of Rajshahi Central Library, University of Rajshahi   23/10/1962 Zeitlinger     304.60941 MAE V-2 1961 15/05/2014 C-2 Books